Building a house / (Record no. 2580)

MARC details
000 -LEADER
fixed length control field 00870pam a2200277 a 4500
005 - DATE AND TIME OF LATEST TRANSACTION
control field 20250826104619.0
020 ## - INTERNATIONAL STANDARD BOOK NUMBER
International Standard Book Number 9780590275002
020 ## - INTERNATIONAL STANDARD BOOK NUMBER
International Standard Book Number 9780688093563
040 ## - CATALOGING SOURCE
Original cataloging agency DLC
Transcribing agency DLC
Modifying agency DLC
Language of cataloging eng
050 00 - LIBRARY OF CONGRESS CALL NUMBER
Classification number TH4811.B37
082 00 - DEWEY DECIMAL CLASSIFICATION NUMBER
Classification number 690.8373
100 1# - MAIN ENTRY--PERSONAL NAME
Personal name Barton, Byron
245 10 - TITLE STATEMENT
Title Building a house /
Statement of responsibility, etc. by Byron Barton
260 ## - PUBLICATION, DISTRIBUTION, ETC.
Place of publication, distribution, etc. New York :
Name of publisher, distributor, etc. Scholastic,
Date of publication, distribution, etc. 1981
300 ## - PHYSICAL DESCRIPTION
Extent 31 unnumbered pages :
Other physical details color illustrations ;
Dimensions 21 cm
500 ## - GENERAL NOTE
General note Originally published: New York : Greenwillow Books, c1981.
505 ## - FORMATTED CONTENTS NOTE
Formatted contents note G <br/><br/><br/>
520 ## - SUMMARY, ETC.
Summary, etc. Briefly describes the steps in building a house.
521 ## - TARGET AUDIENCE NOTE
Target audience note 370<br/><br/><br/><br/>
Source Lexile <br/><br/><br/>
521 ## - TARGET AUDIENCE NOTE
Target audience note G <br/><br/>
Source Raz-Plus <br/><br/><br/>
650 #0 - SUBJECT ADDED ENTRY--TOPICAL TERM
Topical term or geographic name entry element House construction
General subdivision Juvenile literature.
650 #1 - SUBJECT ADDED ENTRY--TOPICAL TERM
Topical term or geographic name entry element House construction.
906 ## - LOCAL DATA ELEMENT F, LDF (RLIN)
a 7
b cbc
c orignew
d 1
e ocip
f 19
g y-gencatlg
942 ## - ADDED ENTRY ELEMENTS (KOHA)
Source of classification or shelving scheme Dewey Decimal Classification
Koha item type Books
Suppress in OPAC No
999 ## -
-- 2580
-- 2580
Holdings
Withdrawn status Lost status Source of classification or shelving scheme Damaged status Not for loan Collection Home library Current library Shelving location Date acquired Total Checkouts Full call number Barcode Date last seen Date last checked out Copy number Price effective from Koha item type Date due
    Dewey Decimal Classification     Juvenile Fiction Footprints International School Library Network Toul Kork Campus Footprints International School Library Network Toul Kork Campus TK Primary Library Room(4th Floor), Bookcase 7, Shelves 57-60, Dark Green Books 04/04/2025 1 BAR 690.8373 TH4811.B37 FISTK01492 03/25/2026 03/25/2026 3 04/04/2025 Books 04/08/2026
    Dewey Decimal Classification     Juvenile Fiction Footprints International School Library Network Toul Tom Poung Campus Footprints International School Library Network Toul Tom Poung Campus TTP Primary Green Bookshelves 01/02/2024 3 BAR 690.8373 TH4811.B37 FISBK05223 03/04/2024 02/26/2024 1 01/02/2024 Books  
    Dewey Decimal Classification     Juvenile Fiction Footprints International School Library Network Toul Tom Poung Campus Footprints International School Library Network Toul Tom Poung Campus TTP Primary Green Bookshelves 01/02/2024 4 BAR 690.8373 TH4811.B37 FISTK02507 10/31/2025 10/24/2025 2 01/02/2024 Books  
    Dewey Decimal Classification     Juvenile Fiction Footprints International School Library Network Toul Tom Poung Campus Footprints International School Library Network Toul Tom Poung Campus TTP Primary Green Bookshelves 08/15/2025   BAR 690.8373 TH4811.B37 FISBK05242 08/15/2025   4 08/15/2025 Books  
    Dewey Decimal Classification     Juvenile Fiction Footprints International School Library Network Toul Tom Poung Campus Footprints International School Library Network Toul Tom Poung Campus TTP Primary Green Bookshelves 08/26/2025   BAR 690.8373 TH4811.B37 FIS03676 08/26/2025   5 08/26/2025 Books